000 00305nam a22001337a 4500
008 230525b |||||||| |||| 00| 0 eng d
020 _a9789395759250
100 _aR. K. Bangia
245 _aContract II
260 _aFaridabad
_bALA Pub.
_c2023
300 _a548
546 _aEnglish
942 _2ddc
_cBK
999 _c20084
_d20084